03757nam a2200325 a 4500001001000000003000900010005001700019007000300036008004100039040003100080082002900111245012200140246003400262264005400296300005700350336002700407337003300434338002800467504005600495505176000551505078502311590002503096650003803121650004103159700003803200910004103238942001203279952012303291999001703414000021146DO-SdBPM20260216121344.0ta100901t1978 dr ac r 001 0 spa d aDO-SdBPMbspacBPMSU drda 4a796.522bA457r, 197822203aEl alpinismo en la República Dominicana /cpublicado por ML de Js Tavares, Sucs. ; proemio Dr. Federico L. Lithgow.14aEl alpinismo en Santo Domingo aSanto Domingo :bEditora de Santo Domingo,c1978. a349 p :áginas bilustraciones, retratos. ;c24 cm. atextobtxt2rdacontent asin mediaciónbn2rdamedia avolumenbnc2rdacarrier aIncluye bibliografía y notas al pie de páginas.0 gConcurso de Alpinismo :tPromesa complida --tProemio --tCarta de Constancio Bernaldo de Quirós --tCartas de Ml. A. Tavares Julia --gPrimer anuncio del concurso --gEditorial de la Información --tSuelto informativo de La Nación --tEditorial de La Nación --tConcurso de subida al Pico Trujillo --tRasgos de alpinistas y alpinismo --tLas ciguapas --tAlpinistas en La Pelona --tInstrucciones suministradas --tPartes telegráficos --tActas de fundación del Club de Alpinismo Dominicano --tRelación (Ing. Luperón Flores, Dr. Alberto García Godoy y Dr. Federico W. Lithgow) --tRelación (grupo dirigido por Sebastián Alfonso Mera) --tRelación (Ulises Franco Fondeur y Guillermo Dalmau Febles) --tRelación (grupo dirigido por el Br. Luis Emilio Tavares Santalises) --tRelación (grupo dirigido por José Herrera) --tRelación (Rafael Marcelino, Martín Ortiz, Julio Espino y Pomponio Echavarría) --tMensajes telegráficos --tReparto del Premio (carta de Ml. de Js. Tavares Sucs.) --gDeporte y ciencia geográfica :tEl culto de las montañas /rC. Bernaldo de Quirós --tEl alpinismo /rC. Bernaldo de Quirós --tExcursionismo dominicano /rC. Bernaldo de Quirós --tUna vista al Valle de Constanza /rR. H. Schomburgk --tVisit to the Valley of Constanza /rR. H. Schomburgk --tEl Barón de Eggers y la exploración botánica de Constanza y Valle Nuevo /rCarlos E. Chardón --tUna excursión a la Cordillera Central en la línea noroeste /rCarlos González N. --tUna noche en Rancho Ramón /rFederico W. Lithgow --tUna excursión al Pico de la Sabana Alta /rFederico W. Lithgow --tUna excursión al Monte Tina /rFederico W. Lithgow --tExcursión al Valle del Bao /rAlberto Lugo.0 gExploraciones y misterio :tLa verdad del misterioso Valle Encantado /rAníbal Basilis --tPico Trujillo, La Pelona y La Rusilla /rJuan B. Pérez, Miguel Canela Lázaro --tUna excursión al Maciso del Yaque /rJuan B. Pérez, Miguel Canela Lázaro --tEn busca del Monte Tina /rE. L. Eckman --tAlgo más sobre el Monte Tina y el Valle Encantado /rJuan B. Pérez --tUna excursión a La Pelada /rJuan Ulises García Bonelly --tLa verdad sobre La Loma Tina /rCasimiro Gómez --tUna excursión al Monte Tina (Editorial de La Opinión) --tExcursión a La Rusilla /rFederic Schad --tRío dominicano desconocido y Salto de agua ignorado (Editorial La Nación) --tPico Trujillo, la montaña más alta de Las Antillas /rIng. Juan Ulises García Bonnelly. aInventariado, 2026VM 7aAlpinismozRepública Dominicana 7aMontañismozRepública Dominicana1 aLithgow, Federico L.,eprólogo  aVMateo V. Control de calidad. BPMSU  2ddccBK 00102ddc708CDaBPMETbBPMETd2026-02-16l0oBPMSU CD 796.522 A457r, 1978pBPMSU26020097r2026-02-16w2026-02-16yBK c15697d15697